| 000 | 00485nam a2200193Ia 4500 | ||
|---|---|---|---|
| 008 | 240510s9999 xx 000 0 und d | ||
| 020 | _a0000471915645 | ||
| 041 | _aEng | ||
| 082 | _a004.3 | ||
| 082 | _bL95 | ||
| 100 | _aLYNN, Paul A.,FUERST, Wolfgang | ||
| 245 | 0 | _aIntroductory digital signal processing with computer applications | |
| 260 | _bChichester:John Wiley | ||
| 260 | _c1989 | ||
| 300 | _a371 p. | ||
| 650 | _asignal processing | ||
| 942 | _2ddc | ||
| 942 | _cRBK | ||
| 999 |
_c25576 _d25576 |
||
| 945 |
_a1 _bMadushi Gamage _c1 _dMadushi Gamage |
||